Регионална библиотека "Любен Каравелов" - Русе

За златистия пясък в дланите (Запис номер 55510)

MARC детайли
000 -Лидер
Контролно поле с фиксирана дължина 01646nam a2200397 c 4500
003 - Код на организацията, давaща контролен номер
Контролно поле BLK
005 - Дата и час на последна редакция
Контролно поле 20220211145614.0
008 - Елементи от данни с фиксирана дължина
fixed length control field 180408b bul|||||r ||||||| ||bul||
010 ## - Наследен системен номер
LC control number KNG00059478000
040 ## - Източник на каталожния запис
Идентификатор на билиотеката - собственик на записа BLK
041 ## - Код за език
Код за езика на текст/звукозапис или на отделно заглавие Български
Код за езика КДБФ Български
072 #7 - Код за тематичната категория
Код организация bullib
Код за тематична категория Я
Текст Автографи
080 ## - УДК
Текстов определител УДК Самодеен театър
УДК код - определител по УДК 792.077
УДК определител (497.215)(08)
УДК - код + определител 792.077(497.215)(08)
080 ## - УДК
Текстов определител УДК Телевизионно предаване
УДК код - определител по УДК 654.197
УДК определител :316.77(497.215)(08)
УДК - код + определител 654.197:316.77(497.215)(08)
100 1# - Редна дума - Автор
Автор Пенков, Венелин
Авторска отговорност първи автор
R(LIN) 286256
139 ## - Редно поле
Редна дума Пенков, Венелин
Авторски знак Пенк - П 35
245 10 - Сведения за заглавието
Заглавие За златистия пясък в дланите
Редно поле (дума) Венелин Пенков.
257 ## - Страна на издаване
Страна на създаване/издаване България
260 ## - Област на издателските данни
Име на издателя, разпространителя и проч. Diamond 97
Година на издаване 2006
Печатница Русе : Авангард принт
300 ## - Физическа характеристика
Страници 316 с.
Илюстрации и др. със сн.
Размери/Мащаб 20 см
380 ## - Жанр
Жанр Изкуство
500 ## - Общи забележки
Забележка Съдържа и Послания към автора / Биляна Бонева, Ирина Пенкова, Крум Гергицов, Александър Недков, Станка Николова, Енчо Еневски, Татяна Митева.
650 #4 - Допълнително описание по предмет – тема
Основно описание – тема или топоним Театрална самодейност - Русе
9 (RLIN) 286257
650 #4 - Допълнително описание по предмет – тема
Основно описание – тема или топоним Телевизия - Русе
9 (RLIN) 286258
653 ## - Ключова дума – ненормативна
Ключова дума култура
653 ## - Ключова дума – ненормативна
Ключова дума самодейност
653 ## - Ключова дума – ненормативна
Ключова дума спомени
653 ## - Ключова дума – ненормативна
Ключова дума телевизионни предавания
653 ## - Ключова дума – ненормативна
Ключова дума Русе
659 ## - Тематичен бюлетин
Тематичен бюлетин Я
852 ## - Местоположение
Форматна сигнатура Цб 227551
852 ## - Местоположение
Форматна сигнатура К 792/П 35 В
856 4# - Електронен адрес и достъп
Електронен формат pdf - файл
856 4# - Електронен адрес и достъп
Електронен формат pdf - файл
999 ## - СИСТЕМНИ КОНТРОЛНИ НОМЕРА
Koha biblionumber 55510
Koha biblioitemnumber 55510
942 ## - АРТИКУЛИ
Вид на библиотечния материал Книги
Скрит в OPAC Не
Периодичен библиозапис Да
944 ## - СЪЗДАВАНЕ И РЕДАКЦИЯ на ЗАПИСА
Създаване/Редакция Създаване
Дата на регистрацията/редакция 22.05.2006
Служител, извършил регистрацията/редакцията Ренета_Константинова
944 ## - СЪЗДАВАНЕ И РЕДАКЦИЯ на ЗАПИСА
Създаване/Редакция Редакция
Дата на регистрацията/редакция 05.11.2012
999 ## - СИСТЕМНИ КОНТРОЛНИ НОМЕРА
Koha biblioitemnumber 55510
Наличности
Код за отписване Код за изгубен артикул Източник на класификационната схема Код за повреда Коз за рестрикции Код за отдаване Артикулен № Име на библиотеката - собственик Име на библиотеката, в която се намира в момента Статус (Текущо местоположение) Дата на вписване в системата Местоположение - отдел Цена в лева Номерация (Хронология) Инвентарен номер Систематично азбучна сигнатура Баркод Номер на екземпляра Цена в евро Служебна бележка Служебен тип на артикула
  Не е изгубен Universal Decimal Classification Не е повреден само за читалня ползва се в читалня 87286 Регионална библиотека "Любен Каравелов" Русе Регионална библиотека "Любен Каравелов" Русе Хранилище 2006-05-22 Основен фонд - ползва се само за читалня 7.80 Автограф: Венелин Пенков 120000702255 Цб 227551 120000702255 1 3.99 Дост: DA Вид: А N: 11 Дата: 22.05.2006 Книги
  Не е изгубен Universal Decimal Classification Не е повреден без рестрикции заемане за дома 87287 Регионална библиотека "Любен Каравелов" Русе Регионална библиотека "Любен Каравелов" Русе Отдел Изкуство - подръчен фонд 2006-05-22 Отдел Изкуство - подръчен фонд 7.80   120000702256 792(497.2)/П 35 120000702256 2 3.99 Дост: DA Вид: А N: 11 Дата: 22.05.2006 Дата инв: 05.04.2017 Бележки инв: ИП2017 Книги
  Не е изгубен Universal Decimal Classification Не е повреден без рестрикции заемане за дома 87288 Регионална библиотека "Любен Каравелов" Русе Регионална библиотека "Любен Каравелов" Русе Отдел Изкуство - подръчен фонд 2006-05-22 Отдел Изкуство - подръчен фонд 7.80   120000702257 792(497.2)/П 35 120000702257 3 3.99 Дост: DA Вид: А N: 11 Дата: 22.05.2006 Дата инв: 18.06.2012 Бележки инв: * Книги
  Не е изгубен Universal Decimal Classification Не е повреден само за читалня ползва се в читалня 87289 Регионална библиотека "Любен Каравелов" Русе Регионална библиотека "Любен Каравелов" Русе Краезнание 2006-05-22 Краезнание 7.80   120000702258 К 792/П 35 В 120000702258 4 3.99 Дост: DA Вид: А N: 11 Дата: 22.05.2006 Дата инв: 06.11.2017 Бележки инв: К2017 Книги
  Не е изгубен Universal Decimal Classification Не е повреден само за читалня ползва се в читалня 87290 Регионална библиотека "Любен Каравелов" Русе Регионална библиотека "Любен Каравелов" Русе Хранилище 2007-03-26 Хранилище 7.80   120000711770 Цб 227551 120000711770 5 3.99 Дост: Dp Вид: Д N: 34 Дата: 26.07.2006 Книги
Vip Innovations Ltd, Rousse, Bulgaria 2025